Leadership in blue jeans.

Bibliographic Details
Main Author: Atema
Format: Book
Published: Cumming: Oak Publication, 2009.
Subjects:
LEADER 00382cam a2200145 7i4500
001 0000025603
005 20110105090000.0
020 0 0 |a 978-1-931132-19-4  
090 0 0 |a B 658.4093   |b ATE 
100 1 0 |a Atema  
245 1 0 |a Leadership in blue jeans. 
260 0 0 |a Cumming:   |b Oak Publication,   |c 2009. 
300 # # |a 115 p. 
650 0 0 |a Leadership  
999 |a B000028021  |b Book  |c Book  |e Business Information Centre